| 000 | 01284nam a2200325 i 4500 | ||
|---|---|---|---|
| 001 | 69880 | ||
| 003 | Mx-PuUPA | ||
| 005 | 20220822105811.0 | ||
| 008 | 220801s2018 uk a|||gr|||| 00| 0 eng d | ||
| 020 | _a9780128118351 | ||
| 040 |
_aMx-PuUPA _bspa _cMx-PuUPA _dMx-PuUPA _erda |
||
| 041 | 0 | _aeng | |
| 245 | 1 | 0 |
_aFood and feed safety systems and analysis / _cedited by Steven C. Rickie, Griffiths G. Atungulu, Chase E. Rainwater, Si Hong Park |
| 264 | 1 |
_aUnited Kingdom : _bElsevier, Inc., _c©2018 |
|
| 300 |
_axvii, 406 páginas : _bilustraciones, diagramas, tablas ; _c23 cm |
||
| 336 |
_2rdacontent _atexto _btxt |
||
| 337 |
_2rdamedia _asin medio _bn |
||
| 338 |
_2rdacarrier _avolumen _bnc |
||
| 650 | 7 |
_2armarc _aIndustria de alimentos para mascotas _xMedidas de seguridad |
|
| 650 | 7 |
_2armarc _aIndustria y comercio de alimentos _xMedidas de seguridad |
|
| 650 | 7 |
_2armarc _aAlimentos _xMedidas de seguridad |
|
| 700 | 1 |
_aRickie, Steven C., _eeditor |
|
| 700 | 1 |
_aAtungulu, Griffiths G., _eeditor |
|
| 700 | 1 |
_aRainwater, Chase E., _eeditor |
|
| 700 | 1 |
_aPark, Si Hong, _eeditor |
|
| 942 |
_2ddc _cLI _h363.1926 _iF686 |
||
| 999 |
_c69880 _d69880 |
||